000
00225nam a2200097 a 4500
008
101022s1964|||| d
100
1
_a
Lewis, Sinclair
245
1
0
_a
Babbitt
260
_b
SVPL
_a
Bratislava
_c
1964
020
_c
20,50
999
_c
11279
_d
11279